| 000 | 01138cad a22002175a 4500 | ||
|---|---|---|---|
| 001 | L154149 | ||
| 008 | 111019e20111019 d f s i000 0 eng d | ||
| 035 | _a(Sirsi) u154149 | ||
| 041 | 0 | _aeng | |
| 110 | 2 |
_aEurostat _91416 |
|
| 245 | 0 | 0 |
_aConstruction output up by 0.2% in the euro area _h[electronic resource] |
| 260 | _c2011 | ||
| 490 | 0 |
_aEurostat News Release _v(152/2011) 19 October 2011 |
|
| 520 | _aAugust 2011 compared with July 2011. In the construction sector, seasonally adjusted production rose by 0.2% in the euro area and remained stable in the EU272 in August 2011, compared with the previous month. In July, production increased by 1.8% in the euro area and by 0.9% in the EU27. Compared with August 2010, output in August 2011 increased by 2.5% in the euro area and by 0.6% in the EU27. | ||
| 590 | _aKA | ||
| 650 | 2 | 4 | _aEUROSTAT MONTHLY CONSTRUCTION INDEX |
| 651 | 4 | _aEurope | |
| 690 | _aBUILT ENVIRONMENT-CONSTRUCTION MARKET | ||
| 856 | 4 | 0 |
_uhttps://epp.eurostat.ec.europa.eu/cache/ITY_PUBLIC/4-19102011-BP/EN/4-19102011-BP-EN.PDF _zView the item free of charge at http://epp.eurostat.ec.europa.eu |
| 942 | _n0 | ||
| 999 |
_c112864 _d112864 |
||